| 000 | 00518nam a22001697a 4500 | ||
|---|---|---|---|
| 003 | OSt | ||
| 005 | 20220930174736.0 | ||
| 008 | 220930b |||||||| |||| 00| 0 eng d | ||
| 020 | _a950-872-021-2 | ||
| 040 | _cBiblioteca Lado V | ||
| 082 |
_a750 _bSA192i |
||
| 100 |
_948 _aSampera Rosado, Marilyn _ecuradora |
||
| 245 |
_aLa Isla a flote/ _bThe island is afloat/ |
||
| 260 |
_aBuenos Aires, Argentina _bDer Brucke Ediciones _c1998 |
||
| 300 |
_a29p. _c20x27cm |
||
| 942 |
_2ddc _c1 _h750 _iSA192i _n0 |
||
| 999 |
_c2159 _d2159 |
||